书目信息 |
| 题名: |
形状记忆聚合物及其多功能复合材料
|
|
| 作者: | 冷劲松 , 杜善义 编著 | |
| 分册: | ||
| 出版信息: | 科学出版 2012.01 |
|
| 页数: | 373页 | |
| 开本: | 20cm | |
| 丛书名: | ||
| 单 册: | ||
| 中图分类: | TB381 | |
| 科图分类: | ||
| 主题词: | 工程材料 | |
| 电子资源: | ||
| ISBN: | 978-7-03-032744-4 | |
| 000 | 00718nam0 2200241 450 | |
| 001 | 1229295087 | |
| 005 | 20121116081043.65 | |
| 010 | @a978-7-03-032744-4@dCNY128.00 | |
| 100 | @a20121022d2012 ekmy0chiy0110 ea | |
| 101 | 0 | @achi |
| 102 | @aCN@b110000 | |
| 105 | @aa z 000yy | |
| 200 | @a形状记忆聚合物及其多功能复合材料@f冷劲松,杜善义编著@Fleng jin song,du shan yi bian zhu | |
| 210 | @c科学出版@d2012.01 | |
| 210 | @a北京@c科学出版社 | |
| 215 | @a373页@d20cm | |
| 606 | 0 | @a工程材料 |
| 690 | @aTB381@v4 | |
| 701 | 0 | @a冷劲松@Aleng jin song@4编著 |
| 701 | 0 | @a杜善义@Adu shan yi@4编著 |
| 801 | 0 | @aCN@b河南省图苑实业发展有限责任公司@c20121022 |
| 905 | @aZUCC@dTB381@eL098 | |
| 906 | @cRC@dCNY128.00@n1@r1 | |
| 形状记忆聚合物及其多功能复合材料/冷劲松,杜善义编著.-科学出版,2012.01.-北京:科学出版社 |
| 373页;20cm |
| ISBN 978-7-03-032744-4:CNY128.00 |
| ● |
| 相关链接 |
|
|
|
正题名:形状记忆聚合物及其多功能复合材料
索取号:TB381/L098
 
预约/预借
| 序号 | 登录号 | 条形码 | 馆藏地/架位号 | 状态 | 备注 |
| 1 | 475796 | 204757968 | 材料与化工学院资料室/ [索取号:TB381/L098] | 在馆 |